Southville International School and Colleges
Your cart is empty.
  • Cart
  • Lists
    Public lists list_1 View all
    Your lists Log in to create your own lists
  • Log in to your account
  • Your cookies
  • Search history
Southville International School and Colleges
  • Advanced search
  • Recent comments
  • Most popular
  • Libraries

Log in to your account

Log in with GOOGLE


If you do not have an external account, but do have a local account, you can still log in:

  1. Home
  2. MARC view: Digital photography and computing for the older generation /
Normal view MARC view ISBD view

Digital photography and computing for the older generation / (Record no. 288498)

[ view plain ]
MARC details
000 -LEADER
fixed length control field 00514nam a22001697a 4500
003 - CONTROL NUMBER IDENTIFIER
control field PILC
005 - DATE AND TIME OF LATEST TRANSACTION
control field 20150826092544.0
008 - FIXED-LENGTH DATA ELEMENTS--GENERAL INFORMATION
fixed length control field 150826b xxu||||| |||| 00| 0 eng d
050 ## - LIBRARY OF CONGRESS CALL NUMBER
Classification number TR 267
Item number .G258 2006
100 ## - MAIN ENTRY--PERSONAL NAME
Personal name Gatenby, Jim.
245 ## - TITLE STATEMENT
Title Digital photography and computing for the older generation /
Statement of responsibility, etc Jim Gatenby.
260 ## - PUBLICATION, DISTRIBUTION, ETC. (IMPRINT)
Place of publication, distribution, etc England :
Name of publisher, distributor, etc Bernard Babani LTD,
Date of publication, distribution, etc 2006.
300 ## - PHYSICAL DESCRIPTION
Extent 198 pages :
Other physical details illustrations ;
Dimensions 20 cm.
500 ## - GENERAL NOTE
General note Includes index.
650 ## - SUBJECT ADDED ENTRY--TOPICAL TERM
Topical term or geographic name as entry element Digital photography.
942 ## - ADDED ENTRY ELEMENTS (KOHA)
Source of classification or shelving scheme Library of Congress Classification
Koha item type Books
Holdings
Withdrawn status Lost status Source of classification or shelving scheme Damaged status Home library Current library Shelving location Date acquired Source of acquisition Total Checkouts Full call number Barcode Date last seen Price effective from Koha item type
    Library of Congress Classification   College Library College Library General Circulation Section 08/26/2015 Donation   TR 267 .G258 2006 C19797 05/15/2018 08/26/2015 Books

Digital photography and computing for the older generation /

APA

Gatenby J., . (2006). Digital photography and computing for the older generation. England: Bernard Babani LTD.

Chicago

Gatenby Jim, . 2006. Digital photography and computing for the older generation. England: Bernard Babani LTD.

Harvard

Gatenby J., . (2006). Digital photography and computing for the older generation. England: Bernard Babani LTD.

MLA

Gatenby Jim, . Digital photography and computing for the older generation. England: Bernard Babani LTD. 2006.

  • Place hold
  • Print
  • Cite
  • Add to your cart (remove)
  • Save record
    BIBTEX Dublin Core MARCXML MARC (non-Unicode/MARC-8) MARC (Unicode/UTF-8) MARC (Unicode/UTF-8, Standard) MODS (XML) RIS
  • More searches
    Search for this title in:
    Other Libraries (WorldCat) Other Databases (Google Scholar) Online Stores (Bookfinder.com) Open Library (openlibrary.org)

Exporting to Dublin Core...

SOUTHVILLE LIBRARY

Southville International School and Colleges Library

1281 Tropical Ave. Cor. Luxembourg St., BF Homes International, Las Pinas City

Tel. No. 8256374 / 252358 Loc. 117/146

Powered by Koha